[Event "Ambelokipi op 66th"]
[Site "Athens"]
[Date "2005.12.03"]
[Round "5"]
[White "Sklavounos, Grigoris"]
[Black "Koukoufikis, Ioannis"]
[Result "1-0"]
[WhiteElo "1949"]
[BlackElo "2043"]
[PlyCount "55"]
[EventDate "2005.09.18"]
[EventType "swiss"]
[EventRounds "5"]
[EventCountry "GRE"]
[SourceTitle "EXT 2007"]
[Source "ChessBase"]
[SourceDate "2006.11.23"]
[SourceVersion "1"]
[SourceVersionDate "2006.11.23"]
[SourceQuality "1"]

1. e4 g6 2. d4 Bg7 3. Nc3 d6 4. Bd3 Nf6 5. h3 0-0 6. Nf3 Nc6 7. Be3 e5 8. dxe5 dxe5 9. 0-0 a6 10. a4 Qd6 11. Nd2 Be6 12. Ne2 Nb4 13. Ra3 Nxd3 14. cxd3 b5 15. Rc3 Rfc8 16. Bc5 Qd7 17. a5 Bf8 18. Bxf8 Kxf8 19. Qc2 Ne8 20. f4 exf4 21. d4 Qd6 22. Rc6 Qe7 23. Nxf4 Kg8 24. Nxe6 fxe6 25. e5 Ra7 26. Ne4 Qd7 27. Qc5 Raa8 28. Qf8# 1-0